European Countries with Highest Unemployment Rate - Statistics

General Stats
  • This quiz has been taken 1,298 times
  • The average score is 7 of 10
Answer Stats
% Country % Correct
21.7 Greece
88%
11.9 Serbia
88%
17.5 Albania
87%
18.4 Bosnia and Herzegovina
83%
35.3 Kosovo
80%
17.3 Montenegro
78%
16.8 Spain
74%
20.8 Macedonia
66%
10.3 Latvia
47%
10.6 Austria
27%
No matching quizzes found
Score Distribution
Percent of People with Each Score
Percentile by Number Answered
Your Score History
You have not taken this quiz